VSŽ predávajú vlastné akcie

Bibliographic Details
Main Author: (mh) (Author)
Corporate Author: Východoslovenské železiarne (Košice, Slovensko) (Author)
Format: Article
Language:Slovak
Subjects:

MARC

LEADER 00000nab a2200000 a 4500
001 vtls000933543
003 SK-MaSNL
005 20260303034803.0
008 040720e20040000xo 0 slo
035 |a KE42420 
040 |a KEVKJB  |b slo  |c KEVKJB  |e AACR2 
041 0 |a slo 
044 |a xo  |c SK 
080 |a 669.1  |2 1981 
100 0 |a (mh)  |4 aut  |9 821364 
245 1 0 |a VSŽ predávajú vlastné akcie 
610 2 7 |a Východoslovenské železiarne (Košice, Slovensko)  |2 KEVKJB 
610 2 7 |a Východoslovenské železiarne Holding (Košice, Slovensko)  |2 snkbucl  |9 29927 
650 0 7 |a akcie (ekonómia)   |2 KEVKJB  |9 847653 
650 0 7 |a predaj  |2 KEVKJB  |9 13334 
651 7 |a Košice (Slovensko)  |2 KEVKJB  |9 18694 
651 7 |a KE,  |2 KEVKJB  |9 877256 
655 7 |a periodikum  |2 snkbucl  |9 29553 
710 2 |a Východoslovenské železiarne (Košice, Slovensko)  |4 aut 
773 0 8 |t Trend  |g Roč. 14  |g Roč. 28, č.14 (2004), s. 72 
852 |a ZVYKNI  |b KIS3GCP 
999 |c 1674813  |d 1676743